Mario Kart Double Dash Charaktere - Statistiken

Allgemein
  • Dieses Quiz wurde 57 mal gespielt
  • Das Durchschnittsergebnis liegt bei 17 aus 20
Antwortstatistiken
Charakter % Korrekt
Waluigi
100%
Wario
100%
Yoshi
100%
Daisy
94%
Donkey Kong
94%
Luigi
94%
Mario
94%
Peach
94%
Toad
94%
Diddy Kong
89%
Bowser
83%
Birdo
78%
Bowser Jr.
78%
König Buu Huu
78%
Koopa
78%
Toadette
78%
Baby Luigi
72%
Baby Mario
72%
Parakoopa
72%
Mutant Tyranha
50%
Keine übereinstimmenden Quizze gefunden
Verteilung der Resultate
Anzahl Personen mit jedem Resultat
Perzentil nach korrekt beantworteten Fragen
Ihre Resultats-Entwicklung
Sie haben dieses Quiz noch nicht gespielt